000 00947caa a22002417a 4500
999 _c408589
_d408589
001 135317
003 UA-OsUOA
005 20200211152558.0
007 ta
008 20190118b un ||||| |||| 00| 0 ukr d
040 _aUA-OsUOA
_bukr
_cUA-OsUOA
_dUA-OsUOA
041 _aukr
080 _a908
090 _a908
_bВ54
100 _aВихованець Т.
245 _aНаціональне самоусвідомлення острозьких католицьких книжників (на матеріалах Хроніки Острозького фарного костелу)
_cТ. Вихованець
300 _aС. 72–76
650 7 _a908 Краєзнавство
_2UDC
773 0 _0322047
_9342612
_dОстрог 2004
_o89421
_tСтуденські наукові записки
_w(UA-OsUOA) 35697
_z9667631494
942 _cBKA
_2udc
955 _a1